| 000 | 00963nam a22002777i 4500 | ||
|---|---|---|---|
| 003 | URS | ||
| 005 | 20220117120622.0 | ||
| 008 | 180507b xxu||||| |||| 00| 0 eng d | ||
| 020 | _a0256034516 | ||
| 040 |
_aDLC _erda _cURS _dDLC _beng |
||
| 050 | 0 | 0 |
_aHG1615 _b.R66 1991 |
| 100 | 1 | _aRose, Peter S. | |
| 245 | 1 | 0 |
_aCommercial bank management : producing and selling financial services / _cPeter S. Rose.- |
| 264 | 1 |
_aHomewood, IL : _bIRWIN, _c[1991] |
|
| 264 | 4 | _c©1991 | |
| 300 |
_axxv, 677 pages : _c25 cm |
||
| 336 |
_atext _btxt _2rdacontent |
||
| 337 |
_aunmediated _bn _2rdamedia |
||
| 338 |
_avolume _bnc _2rdacarrier |
||
| 504 | _aIncludes bibliographical references and index. | ||
| 650 | 0 | _aBank management. | |
| 650 | 0 |
_aFinancial services industry _xManagement. |
|
| 906 |
_a7 _bcbc _corignew _d1 _eocip _f19 _gy-gencatlg |
||
| 942 |
_2lcc _cFR |
||
| 999 |
_c5022 _d5022 |
||